| 000 | 01604cam a22004454a 4500 | ||
|---|---|---|---|
| 001 | 28 | ||
| 003 | FISKH | ||
| 005 | 20230227134052.0 | ||
| 008 | 080929t20081996nyua c 000 1 eng d | ||
| 010 | _a 2009655099 | ||
| 020 | _a9780374400316 (pbk.) : | ||
| 020 | _a0374400318 (pbk.) | ||
| 035 | _a(OCoLC)ocn259266782 | ||
| 035 | _a(OCoLC)259266782 | ||
| 040 |
_aBTCTA _cBTCTA _dON8 _dDLC _dFISKH _beng |
||
| 050 | 0 | 0 |
_aPZ7 _b.S45526 |
| 082 | 0 | 0 |
_a813.54 _221 |
| 100 | 1 | _aSeidler, Tor. | |
| 245 | 1 | 2 |
_aA rat's tale / _cTor Seidler ; pictures by Fred Marcellino. |
| 250 | _aFarrar, Straus and Giroux pbk. ed. | ||
| 260 |
_a[New York, NY] : _bFarrar Straus Giroux, _c2008, c1986. |
||
| 300 |
_a185 p. _bill. ; _c22 cm. |
||
| 505 | _aZ | ||
| 520 | _a"Montague, an artistic young rat living beneath the streets of New York City, thinks he can do nothing to save his friends from extermination until he achieves a better understanding of both himself and his ne'er-do-well uncle"--Source other than Library of Congress. | ||
| 521 |
_a900
_bLexile |
||
| 521 |
_aZ
_bRaz-Paz |
||
| 650 | 1 |
_aRats _vFiction. |
|
| 650 | 1 |
_aArtists _vFiction. |
|
| 650 | 1 |
_aUncles _vFiction. |
|
| 650 | 1 |
_aSelf-perception _vFiction. |
|
| 650 | 0 |
_aRats _vJuvenile fiction. |
|
| 650 | 0 |
_aArtists _vJuvenile fiction. |
|
| 650 | 0 |
_aUncles _vJuvenile fiction. |
|
| 650 | 0 |
_aSelf-perception _vJuvenile fiction. |
|
| 651 | 1 |
_aNew York (N.Y.) _vFiction. |
|
| 651 | 0 |
_aNew York (N.Y.) _vJuvenile fiction. |
|
| 700 | 1 |
_aMarcellino, Fred, _eill. |
|
| 906 |
_a7 _bcbc _ccopycat _d3 _encip _f20 _gy-gencatlg |
||
| 942 |
_2lcc _cBK _n0 |
||
| 999 |
_c28 _d28 |
||